000 00590cam a22002291 4500
001 7817987
005 20180117040024.0
008 730529s1932 nyub b 000 0 eng
010 _a 32026691
035 _a(OCoLC)631602
040 _aDLC
_cOKentU
_dNcRS
_dDLC
041 _aeng
042 _apremarc
080 _a330.973
082 _a330.973 KIR
100 1 _a52
101 _aEKO
245 1 2 _aA history of American economic life,
_cby Edward C. Kirkland.
504 _aBibliography: p. 713-755.
906 _a7
_bcbc
_coclcrpl
_du
_encip
_f19
_gy-gencatlg
942 _2ddc
_cBK
999 _c40413
_d40413